| 000 | 00615nam a2200217 a 4500 | ||
|---|---|---|---|
| 001 | 75437 | ||
| 003 | BD-RjUL | ||
| 005 | 20211209082704.0 | ||
| 008 | 190040r19781976ilu 001 0 eng | ||
| 035 | _a(BD-RjUL)75655 | ||
| 040 |
_aDLC _cOAkU _dOCoLC _dDLC _dBD-RjUL _beng |
||
| 041 | _aeng | ||
| 082 |
_223 _a657 _bYUS 1978 |
||
| 100 | 1 |
_aYu, S. C. _9218394 |
|
| 245 | 1 | 4 |
_a The Structure of accounting theory / _cS.C. Yu |
| 260 |
_aGainesvlle : _bThe University of florida book, _cc1976 [1978] |
||
| 300 |
_avii 309 p. ; _c23 cm. |
||
| 500 | _aIncludes index. | ||
| 650 | 0 |
_aAccounting. _9218395 |
|
| 942 |
_2ddc _cBK |
||
| 999 |
_c75437 _d75437 |
||